000 00667nam a2200277Ia 4500
005 20260324140009.0
008 008 260324s9999 xx 000 0 eng d
020 _a9780080510781
037 _aEBOOK
040 _aCRL
040 _beng
040 _cCRL
041 _2eng
041 _aeng
084 _qCRL
100 _aMatt Treger; Lynne Milgram, M.D., MBA; Alan Spector, Ph.D., M.D.
_91202730
245 0 _aManaging Smart
260 _bTaylor and Francis
260 _c1999
365 _a
365 _b135
856 _uhttp://www.taylorfrancis.com/books/9780080510781
942 _cEBOOK
999 _c1804339
_d1804339